[Event "Deutsche Ländermeisterschaft 2012"]
[Site "Hannover GER"]
[Date "2012.10.02"]
[Round "6"]
[White "Vogel, Roven"]
[Black "Keller, Peter"]
[Result "0-1"]
[Termination "normal"]
[Board "6.4"]
[WhiteTitle "12"]
[BlackTitle "14"]
[WhiteElo "1993"]
[BlackElo "1966"]
[WhiteTeam "Sachsen"]
[BlackTeam "Hessen 2"]
[PlyCount "200"]
[WhiteFideId "12908088"]
[BlackFideId "1272105"]
[EventCountry "GER"]
[EventRounds "7"]
[EventType "team-swiss"]
[EventDate "2012.09.28"]

1. c4 c6 2. e4 e5 3. Nf3 d6 4. d4 Nd7 5. Nc3 Ngf6 6. Be2 Be7 7. h3 O-O 8. Be3
Re8 9. Qc2 Bf8 10. O-O Qc7 11. Rfd1 a6 12. a4 a5 13. d5 Nb6 14. Rac1 c5 15. Ne1
Qe7 16. b3 g6 17. Nd3 h5 18. Re1 Nbd7 19. f4 Bh6 20. Bf3 exf4 21. Bxf4 Bxf4 22.
Nxf4 Ne5 23. Qe2 Bd7 24. Nd3 Kg7 25. Nxe5 Qxe5 26. Nd1 Re7 27. Nf2 Rae8 28. Qd2
b6 29. Qc3 Qxc3 30. Rxc3 Bc8 31. Rce3 Nd7 32. Nd3 Ne5 33. Nxe5 Rxe5 34. Kf2 Kh6
35. R3e2 Kg5 36. Rg1 Bd7 37. Rge1 R8e7 38. Rg1 f6 39. Rge1 f5 40. Kg3 f4+ 41.
Kf2 Kh4 42. Rd2 g5 43. Rh1 Be8 44. Re2 Bg6 45. Ree1 Bxe4 46. Rxe4 Rxe4 47. Bxe4
Rxe4 48. Rb1 Re3 49. Rb2 g4 50. hxg4 hxg4 51. Rb1 g3+ 52. Kg1 Kg4 53. Kf1 f3
54. gxf3+ Kxf3 55. Rb2 Rc3 56. Rb1 Rc2 57. Kg1 Rf2 58. Kh1 g2+ 59. Kg1 Rf1+ 60.
Rxf1+ gxf1=Q+ 61. Kxf1 Ke3 62. Kg2 Kd3 63. Kf3 Kc3 64. Ke4 Kxb3 65. Kf5 Kxc4
66. Ke6 Kb4 67. Kxd6 c4 68. Ke6 c3 69. d6 c2 70. d7 c1=Q 71. d8=Q Qe3+ 72. Kf5
Kxa4 73. Qd1+ Kb4 74. Qb1+ Qb3 75. Qe4+ Ka3 76. Qe7+ Ka2 77. Qe2+ Qb2 78. Qc4+
Qb3 79. Qe2+ Ka3 80. Qe7+ Qb4 81. Qe3+ Ka4 82. Kf6 b5 83. Qc1 Qd4+ 84. Kf5 b4
85. Qc6+ Ka3 86. Qc1+ Qb2 87. Qe3+ Qc3 88. Qe7 a4 89. Qd6 Kb2 90. Kg5 a3 91.
Qh2+ Qc2 92. Qe5+ Ka2 93. Qd5+ b3 94. Qe6 Kb1 95. Kh5 b2 96. Qe1+ Ka2 97. Qe6+
Qb3 98. Qe2 Qc3 99. Qe6+ Ka1 100. Qe1+ Qxe1 0-1

[Event "Deutsche Ländermeisterschaft 2012"]
[Site "Hannover GER"]
[Date "2012.10.02"]
[Round "6"]
[White "Spitzl, Vinzent"]
[Black "Scholz, Robert"]
[Result "1/2-1/2"]
[Termination "normal"]
[Board "6.5"]
[WhiteTitle "12"]
[BlackTitle "14"]
[WhiteElo "1729"]
[BlackElo "1901"]
[WhiteTeam "Hessen 2"]
[BlackTeam "Sachsen"]
[PlyCount "84"]
[WhiteFideId "12901253"]
[BlackFideId "1270301"]
[EventCountry "GER"]
[EventRounds "7"]
[EventType "team-swiss"]
[EventDate "2012.09.28"]

1. e4 c5 2. Nf3 Nc6 3. d4 cxd4 4. Nxd4 e5 5. Nb5 d6 6. N1c3 a6 7. Na3 Be7 8.
Nd5 Nf6 9. Nxe7 Qxe7 10. Bd3 O-O 11. O-O Be6 12. Bg5 Rfd8 13. f4 exf4 14. Rxf4
Ne5 15. Bxf6 gxf6 16. Qe2 Kh8 17. Raf1 Rg8 18. Kh1 Rg6 19. Nc4 Bxc4 20. Bxc4
Rag8 21. g3 Rh6 22. Kg1 Rgg6 23. Kg2 Qd8 24. Bd5 Qc8 25. Rf5 b5 26. c3 Qc5 27.
Bxf7 Rg7 28. Qd2 Rg5 29. Rxg5 fxg5 30. Qxg5 Rxh2+ 31. Kxh2 Nf3+ 32. Rxf3 Qxg5
33. Kg2 Qe5 34. Bd5 Qe8 35. Rf7 a5 36. Ra7 Qe5 37. Rxa5 b4 38. Ra8+ Kg7 39. Rc8
bxc3 40. bxc3 Kh6 41. a4 Qh5 42. a5 Qe2+ 1/2-1/2

[Event "Deutsche Ländermeisterschaft 2012"]
[Site "Hannover GER"]
[Date "2012.10.02"]
[Round "6"]
[White "Nobis, Anna"]
[Black "Schneider, Sabrina"]
[Result "1-0"]
[Termination "normal"]
[Board "6.6"]
[WhiteTitle "14w"]
[BlackTitle "14w"]
[WhiteElo "1666"]
[BlackElo "1548"]
[WhiteTeam "Sachsen"]
[BlackTeam "Hessen 2"]
[PlyCount "39"]
[WhiteFideId "1270302"]
[BlackFideId "12951986"]
[EventCountry "GER"]
[EventRounds "7"]
[EventType "team-swiss"]
[EventDate "2012.09.28"]

1. e4 e5 2. Bc4 Nf6 3. d3 Bc5 4. Nf3 Nc6 5. c3 O-O 6. O-O d5 7. exd5 Nxd5 8.
Re1 Bg4 9. Nbd2 Nb6 10. b4 Bxf3 11. Qxf3 Bd6 12. Bb3 Rb8 13. Ne4 h6 14. Qg4 Kh8
15. Qh5 Nd7 16. Ng5 Nf6 17. Nxf7+ Kh7 18. Qf5+ g6 19. Qh3 Nh5 20. Nxd8 1-0

[Event "Deutsche Ländermeisterschaft 2012"]
[Site "Hannover GER"]
[Date "2012.10.02"]
[Round "6"]
[White "Diener, Carolin Valeria"]
[Black "Kempe, Anne"]
[Result "0-1"]
[Termination "normal"]
[Board "6.7"]
[WhiteTitle "12w"]
[BlackTitle "14w"]
[WhiteElo "1710"]
[BlackElo "1703"]
[WhiteTeam "Hessen 2"]
[BlackTeam "Sachsen"]
[PlyCount "110"]
[WhiteFideId "24699063"]
[BlackFideId "12918083"]
[EventCountry "GER"]
[EventRounds "7"]
[EventType "team-swiss"]
[EventDate "2012.09.28"]

1. e4 c5 2. Nf3 d6 3. d4 cxd4 4. Nxd4 Nf6 5. Nc3 Nc6 6. Bc4 Qb6 7. Nb3 e6 8.
O-O Be7 9. Be3 Qc7 10. f4 a6 11. a4 b6 12. Bd3 O-O 13. Qf3 Bb7 14. Qg3 Rfd8 15.
Qh3 h6 16. Rad1 Nb4 17. f5 Nxd3 18. cxd3 exf5 19. Qxf5 Rf8 20. Rf3 Bc8 21. Nd5
Nxd5 22. Qxd5 Be6 23. Qd4 Bxb3 24. Rc1 Qd8 25. Qb4 Be6 26. Qxb6 Qxb6 27. Bxb6
Rab8 28. a5 Rbc8 29. Rff1 Bf6 30. b4 Rxc1 31. Rxc1 Rc8 32. Rxc8+ Bxc8 33. d4
Bb7 34. d5 Bc3 35. Kf2 Bxb4 36. Ke3 Kf8 37. Kd4 Ke7 38. Kc4 Bd2 39. g3 Kf6 40.
Bd8+ Ke5 41. Kd3 Bb4 42. Bb6 Bc5 43. Bc7 Bc8 44. Bd8 Bd7 45. Be7 Bb5+ 46. Kc3
Kxe4 47. Bf8 Bd4+ 48. Kb4 Kxd5 49. g4 Ke5 50. Bxg7+ Ke4 51. Bxh6 Kf3 52. g5 Kg4
53. Kb3 Be5 54. Kc2 Bxh2 55. Kc3 Bf4 0-1

[Event "Deutsche Ländermeisterschaft 2012"]
[Site "Hannover GER"]
[Date "2012.10.02"]
[Round "6"]
[White "Halas, Julia"]
[Black "Liez, Tatjana"]
[Result "1-0"]
[Termination "normal"]
[Board "6.8"]
[WhiteTitle "12w"]
[BlackTitle "16w"]
[WhiteElo "1613"]
[BlackElo "1532"]
[WhiteTeam "Sachsen"]
[BlackTeam "Hessen 2"]
[PlyCount "69"]
[WhiteFideId "12931810"]
[BlackFideId "1271769"]
[EventCountry "GER"]
[EventRounds "7"]
[EventType "team-swiss"]
[EventDate "2012.09.28"]

1. d4 Nf6 2. c4 e6 3. Nc3 Bb4 4. a3 Bxc3+ 5. bxc3 d6 6. Nf3 Bd7 7. Bg5 h6 8.
Bh4 Bc6 9. e3 Nbd7 10. Be2 Qc8 11. O-O O-O 12. Qb3 b6 13. a4 Qb7 14. h3 a5 15.
Rfd1 Rac8 16. Rab1 Qa8 17. Rbc1 Bb7 18. Ne1 Rfe8 19. Bf3 Bxf3 20. Nxf3 Rb8 21.
Qa3 Qa7 22. Re1 Qa8 23. Bxf6 Nxf6 24. c5 bxc5 25. dxc5 dxc5 26. Qxc5 Rb7 27.
Rb1 Reb8 28. Rxb7 Rxb7 29. Qc6 Qb8 30. c4 Rb4 31. Ra1 Qb6 32. Ne5 Qb8 33. Qa6
Rb6 34. Qxa5 Rb4 35. Nc6 1-0

[Event "Deutsche Ländermeisterschaft 2012"]
[Site "Hannover GER"]
[Date "2012.10.02"]
[Round "6"]
[White "Schulenburg, Torben"]
[Black "Krause, Benedict"]
[Result "1/2-1/2"]
[Termination "normal"]
[Board "7.1"]
[WhiteTitle "20"]
[BlackTitle "16"]
[WhiteElo "2060"]
[BlackElo "2074"]
[WhiteTeam "Hamburg"]
[BlackTeam "Schleswig-Holstein"]
[PlyCount "44"]
[WhiteFideId "24648558"]
[BlackFideId "12917990"]
[EventCountry "GER"]
[EventRounds "7"]
[EventType "team-swiss"]
[EventDate "2012.09.28"]

1. e4 c6 2. d4 d5 3. Nc3 dxe4 4. Nxe4 Bf5 5. Ng3 Bg6 6. Nh3 e6 7. Nf4 Qh4 8. c3
Bd6 9. Qf3 Nf6 10. Nxg6 hxg6 11. Bd3 Nbd7 12. Be3 O-O 13. Ne4 Nxe4 14. Qxe4
Qxe4 15. Bxe4 Nf6 16. Bf3 Nd5 17. Bd2 Bf4 18. Bxd5 Bxd2+ 19. Kxd2 cxd5 20. Rhe1
a6 21. Re3 Rfb8 22. a4 b6 1/2-1/2

[Event "Deutsche Ländermeisterschaft 2012"]
[Site "Hannover GER"]
[Date "2012.10.02"]
[Round "6"]
[White "Powierski, Emil"]
[Black "Hinrichs, Jan"]
[Result "1-0"]
[Termination "normal"]
[Board "7.2"]
[WhiteTitle "16"]
[BlackTitle "18"]
[WhiteElo "2137"]
[BlackElo "2038"]
[WhiteTeam "Schleswig-Holstein"]
[BlackTeam "Hamburg"]
[PlyCount "97"]
[WhiteFideId "4656199"]
[BlackFideId "12907294"]
[EventCountry "GER"]
[EventRounds "7"]
[EventType "team-swiss"]
[EventDate "2012.09.28"]

1. e4 c5 2. Nf3 e6 3. d4 cxd4 4. Nxd4 Nf6 5. Nc3 Bb4 6. e5 Ne4 7. Qg4 Nxc3 8.
Qxg7 Rf8 9. a3 Nb5+ 10. axb4 Nxd4 11. Bg5 Qb6 12. Bh6 Qxb4+ 13. c3 Nf5 14. cxb4
Nxg7 15. Bxg7 Rg8 16. Bf6 Nc6 17. b5 Nb4 18. Rc1 Nd5 19. Bd3 Rg4 20. f3 Rxg2
21. Rc2 Rxc2 22. Bxc2 d6 23. Rg1 dxe5 24. Rg8+ Kd7 25. Bxe5 a6 26. Rg7 Ke8 27.
Rxh7 axb5 28. Ke2 Ra1 29. Rh8+ Kd7 30. Bd3 Ra5 31. Rh7 Ke8 32. Rh8+ Kd7 33. Rf8
f6 34. Bxf6 Nxf6 35. Rxf6 Ra2 36. Ke3 Rxb2 37. h4 Ke7 38. Rh6 e5 39. h5 Rb3 40.
Ke2 Bd7 41. Rh7+ Kd6 42. h6 Bc6 43. Rf7 Rb4 44. h7 Rh4 45. Bf5 e4 46. Rf8 exf3+
47. Ke3 Ke5 48. Bg6 Be4 49. Re8+ 1-0

[Event "Deutsche Ländermeisterschaft 2012"]
[Site "Hannover GER"]
[Date "2012.10.02"]
[Round "6"]
[White "Hinrichs, Lars"]
[Black "Marx, Joschka"]
[Result "0-1"]
[Termination "normal"]
[Board "7.3"]
[WhiteTitle "16"]
[BlackTitle "20"]
[WhiteElo "1949"]
[BlackElo "2034"]
[WhiteTeam "Hamburg"]
[BlackTeam "Schleswig-Holstein"]
[PlyCount "86"]
[WhiteFideId "12921769"]
[BlackFideId "24645869"]
[EventCountry "GER"]
[EventRounds "7"]
[EventType "team-swiss"]
[EventDate "2012.09.28"]

1. e4 c6 2. d4 g6 3. Nc3 d5 4. Nf3 Bg7 5. Be2 Nh6 6. O-O O-O 7. Bf4 f6 8. Re1
Nf7 9. exd5 cxd5 10. Bb5 Nc6 11. h3 e6 12. Qd2 Re8 13. Rad1 Bd7 14. Re2 a6 15.
Ba4 b5 16. Bb3 Na5 17. Rde1 Nc4 18. Bxc4 bxc4 19. Nd1 Qb6 20. g4 Rac8 21. c3 h6
22. Kg2 Kh7 23. Ne3 Nd6 24. Bxd6 Qxd6 25. Nf1 Rf8 26. h4 Rce8 27. g5 e5 28.
dxe5 fxe5 29. gxh6 Bxh6 30. Ng5+ Bxg5 31. hxg5 d4 32. Ng3 Bc6+ 33. Kg1 Qd5 34.
Ne4 Kg7 35. f3 Rxf3 36. Rf2 Rf5 37. Ng3 Rxf2 38. Qxf2 Rf8 39. Qe2 Rf3 40. Kh2
Re3 41. Qf2 Rxe1 42. Qf6+ Kh7 43. Qe7+ Kg8 0-1

[Event "Deutsche Ländermeisterschaft 2012"]
[Site "Hannover GER"]
[Date "2012.10.02"]
[Round "6"]
[White "Kololli, Kevin"]
[Black "Krüger, David"]
[Result "0-1"]
[Termination "normal"]
[Board "7.4"]
[WhiteTitle "12"]
[BlackTitle "12"]
[WhiteElo "1860"]
[BlackElo "1786"]
[WhiteTeam "Schleswig-Holstein"]
[BlackTeam "Hamburg"]
[PlyCount "80"]
[WhiteFideId "12936863"]
[BlackFideId "12921858"]
[EventCountry "GER"]
[EventRounds "7"]
[EventType "team-swiss"]
[EventDate "2012.09.28"]

1. e4 e5 2. f4 exf4 3. Bc4 Qh4+ 4. Kf1 Qf6 5. Nf3 d6 6. Nc3 Ne7 7. d4 Nbc6 8.
Nb5 Kd8 9. e5 Qg6 10. Bxf4 d5 11. e6 Bxe6 12. Nxc7 Qf5 13. Bg3 dxc4 14. Nxa8
Nd5 15. Qd2 Kd7 16. b3 c3 17. Qf2 Bd6 18. Re1 Rxa8 19. Re2 Ncb4 20. Ne1 Nxa2
21. Bxd6 Kxd6 22. Nd3 b6 23. Qxf5 Bxf5 24. Ne5 f6 25. g4 Be6 26. Nc4+ Kd7 27.
Rg1 Nf4 28. Re4 g5 29. h4 Re8 30. Ne3 Bc4+ 31. Nxc4 Rxe4 32. hxg5 fxg5 33. Rh1
Re7 34. Rh6 Nb4 35. Ne5+ Kc7 36. Kf2 Nxc2 37. Rc6+ Kb7 38. Rxc3 Nxd4 39. Nc4
Re2+ 40. Kf1 Re6 0-1

[Event "Deutsche Ländermeisterschaft 2012"]
[Site "Hannover GER"]
[Date "2012.10.02"]
[Round "6"]
[White "Rogozenco, Teodora"]
[Black "Janke, Hendrik"]
[Result "1/2-1/2"]
[Termination "normal"]
[Board "7.5"]
[WhiteTitle "12w"]
[BlackTitle "14"]
[WhiteElo "1706"]
[BlackElo "1787"]
[WhiteTeam "Hamburg"]
[BlackTeam "Schleswig-Holstein"]
[PlyCount "108"]
[WhiteFideId "12938084"]
[BlackFideId "12921831"]
[EventCountry "GER"]
[EventRounds "7"]
[EventType "team-swiss"]
[EventDate "2012.09.28"]

1. d4 d5 2. c4 e6 3. Nc3 Nf6 4. cxd5 exd5 5. Bf4 c6 6. e3 Bf5 7. Nge2 Nbd7 8.
Ng3 Bg6 9. h4 h6 10. h5 Bh7 11. Bd3 Qb6 12. Rb1 O-O-O 13. Bxh7 Nxh7 14. Qa4 Ng5
15. Nf5 Ne6 16. Nxd5 cxd5 17. Rc1+ Ndc5 18. dxc5 Qc6 19. Qxc6+ bxc6 20. Bd6 Kd7
21. Rh4 Bxd6 22. Nxd6 Nxc5 23. Nxf7 Nd3+ 24. Kd2 Nxc1 25. Kxc1 Rhf8 26. Nxd8
Kxd8 27. f3 Kc7 28. Rg4 Rf7 29. Kd2 Kb6 30. Kc3 Kc5 31. b4+ Kb5 32. Rg6 Re7 33.
Kd4 Rc7 34. a3 a5 35. bxa5 c5+ 36. Kxd5 c4 37. a6 c3 38. a7 Rxa7 39. a4+ Kxa4
40. Rc6 Kb3 41. Kd6 Rf7 42. Rc8 Rf6+ 43. Kd7 c2 44. e4 Rf4 45. Kd6 Rf8 46. Rc7
Rd8+ 47. Ke7 Rd2 48. e5 Re2 49. e6 Rxg2 50. Kd7 Rd2+ 51. Kc8 Re2 52. Kd7 Rd2+
53. Kc8 Re2 54. Kd7 Rd2+ 1/2-1/2

[Event "Deutsche Ländermeisterschaft 2012"]
[Site "Hannover GER"]
[Date "2012.10.02"]
[Round "6"]
[White "Bernstengel, Aaron"]
[Black "Köhler, Inken"]
[Result "1/2-1/2"]
[Termination "normal"]
[Board "7.7"]
[WhiteTitle "14"]
[BlackTitle "12w"]
[WhiteElo "1757"]
[BlackElo "1459"]
[WhiteTeam "Hamburg"]
[BlackTeam "Schleswig-Holstein"]
[PlyCount "76"]
[WhiteFideId "12940062"]
[BlackFideId "12929301"]
[EventCountry "GER"]
[EventRounds "7"]
[EventType "team-swiss"]
[EventDate "2012.09.28"]

1. e4 e5 2. Nf3 Nc6 3. d4 exd4 4. Nxd4 Bc5 5. Be3 Qf6 6. c3 Nge7 7. Bc4 O-O 8.
O-O Qg6 9. Nxc6 Qxc6 10. Bxc5 Qxc5 11. Bb3 d6 12. Re1 Nc6 13. Kh1 Qxf2 14. Qd2
Qxd2 15. Nxd2 Be6 16. Bd5 Ne5 17. Re3 c6 18. Bb3 Rad8 19. Rf1 Nd7 20. Ref3 Nc5
21. Re3 Nxb3 22. axb3 Rfe8 23. Ra1 a6 24. Rae1 Re7 25. Kg1 Rde8 26. Rd3 Bd5 27.
c4 Bxe4 28. Rxd6 Kf8 29. Nxe4 Rxe4 30. Rxe4 Rxe4 31. Rd7 Re7 32. Rd8+ Re8 33.
Rd7 Re2 34. Rxb7 Rxb2 35. Ra7 Rc2 36. Ra8+ Ke7 37. Ra7+ Ke8 38. Ra8+ Kd7
1/2-1/2

[Event "Deutsche Ländermeisterschaft 2012"]
[Site "Hannover GER"]
[Date "2012.10.02"]
[Round "6"]
[White "Schramm, Anna-Lena"]
[Black "Lemke, Berfin"]
[Result "0-1"]
[Termination "normal"]
[Board "7.8"]
[WhiteTitle "14w"]
[BlackTitle "14w"]
[WhiteElo "1420"]
[BlackElo "1544"]
[WhiteTeam "Schleswig-Holstein"]
[BlackTeam "Hamburg"]
[PlyCount "92"]
[WhiteFideId "12918237"]
[BlackFideId "1270578"]
[EventCountry "GER"]
[EventRounds "7"]
[EventType "team-swiss"]
[EventDate "2012.09.28"]

1. e4 c5 2. Nc3 d6 3. g3 g6 4. Bg2 Bg7 5. Nge2 Nc6 6. O-O e6 7. d3 Nge7 8. Be3
O-O 9. Qd2 Nd4 10. Nd1 b6 11. c3 Ndc6 12. f3 Rb8 13. Nf2 Ba6 14. Rad1 b5 15. a3
Na5 16. Nc1 Qc7 17. b4 cxb4 18. cxb4 Nac6 19. Ne2 Rfc8 20. Rc1 Qd7 21. Rc2 Nd8
22. Rfc1 Rxc2 23. Rxc2 Rc8 24. Rc1 Rc7 25. Nd1 Bc8 26. Nd4 a6 27. Ne2 Rxc1 28.
Qxc1 Ndc6 29. d4 Bb7 30. Ndc3 Nd8 31. Qd2 Qc6 32. Nf4 Qc7 33. Nfe2 Qc6 34. Nc1
Qc7 35. Nd3 Nc8 36. Bf4 Bxd4+ 37. Kf1 Qxc3 38. Qxc3 Bxc3 39. Ke2 Nc6 40. Kd1
Kf8 41. Kc2 Bf6 42. Be3 Ke7 43. Nf2 Bd4 44. Kd3 Bb2 45. Kc2 Bxa3 46. Kb3 Bxb4
0-1

[Event "Deutsche Ländermeisterschaft 2012"]
[Site "Hannover GER"]
[Date "2012.10.02"]
[Round "6"]
[White "Frischmann, Rick"]
[Black "Weber, Max"]
[Result "1/2-1/2"]
[Termination "normal"]
[Board "8.1"]
[WhiteTitle "18"]
[BlackTitle "18"]
[WhiteElo "2150"]
[BlackElo "2109"]
[WhiteTeam "Saarland"]
[BlackTeam "Mecklenburg-Vorpommern"]
[PlyCount "106"]
[WhiteFideId "24660752"]
[BlackFideId "4624831"]
[EventCountry "GER"]
[EventRounds "7"]
[EventType "team-swiss"]
[EventDate "2012.09.28"]

1. e4 c5 2. d4 cxd4 3. c3 Nf6 4. e5 Nd5 5. Nf3 e6 6. cxd4 d6 7. Nc3 Nxc3 8.
bxc3 Qc7 9. Bd2 Nd7 10. exd6 Bxd6 11. Bd3 O-O 12. Qe2 Nf6 13. O-O b6 14. Ne5
Bb7 15. f4 Rac8 16. Rac1 Rfd8 17. f5 Bxe5 18. dxe5 Qd7 19. exf6 Qxd3 20. Qg4 g6
21. fxg6 Qxg6 22. Qxg6+ hxg6 23. Be3 Rd3 24. Bd4 Rd2 25. Bf2 Rxa2 26. h4 b5 27.
Ra1 Rxa1 28. Rxa1 a6 29. Bd4 Rd8 30. Re1 Kf8 31. Kf2 Ke8 32. Re5 Kd7 33. g4 Rh8
34. h5 gxh5 35. Rxh5 Rxh5 36. gxh5 Be4 37. Ke3 Bb1 38. Be5 Kc6 39. Kd4 a5 40.
Bf4 Bh7 41. Be3 Kd6 42. Bf4+ e5+ 43. Bxe5+ Ke6 44. Bc7 a4 45. Ba5 Kxf6 46. c4
bxc4 47. Kxc4 Kg5 48. Kb4 Bc2 49. Ka3 Kxh5 50. Ka2 f5 51. Ka1 f4 52. Bb6 Kg4
53. Bc5 f3 1/2-1/2

[Event "Deutsche Ländermeisterschaft 2012"]
[Site "Hannover GER"]
[Date "2012.10.02"]
[Round "6"]
[White "Ispirjan, Mikael"]
[Black "Wild, Achim"]
[Result "1/2-1/2"]
[Termination "normal"]
[Board "8.2"]
[WhiteTitle "16"]
[BlackTitle "20"]
[WhiteElo "1940"]
[BlackElo "2107"]
[WhiteTeam "Mecklenburg-Vorpommern"]
[BlackTeam "Saarland"]
[PlyCount "130"]
[WhiteFideId "1271217"]
[BlackFideId "4658728"]
[EventCountry "GER"]
[EventRounds "7"]
[EventType "team-swiss"]
[EventDate "2012.09.28"]

1. e4 e5 2. Nf3 d6 3. d4 exd4 4. Nxd4 Nf6 5. Nc3 Be7 6. g3 d5 7. exd5 Nxd5 8.
Ndb5 Nxc3 9. Qxd8+ Bxd8 10. Nxc3 Nc6 11. Be3 Bf5 12. O-O-O O-O 13. Bg2 Re8 14.
a3 Bf6 15. Nd5 Be5 16. Bf4 Bxf4+ 17. Nxf4 Be4 18. Bxe4 Rxe4 19. Rhe1 Rxe1 20.
Rxe1 Kf8 21. Re3 Rd8 22. Rd3 Rxd3 23. Nxd3 g5 24. c3 Ke7 25. Kd2 Kf6 26. Ke3
Kf5 27. h3 h5 28. f3 h4 29. g4+ Ke6 30. Ke4 b6 31. f4 f6 32. fxg5 fxg5 33. b4
a5 34. c4 a4 35. b5 Na5 36. Nb2 Nb3 37. Nxa4 Nd2+ 38. Kd3 Nb1 39. c5 Nxa3 40.
cxb6 cxb6 41. Nxb6 Nxb5 42. Ke4 Nd6+ 43. Kd4 Nb5+ 44. Ke4 Nc3+ 45. Kf3 Nd5 46.
Nc4 Nf4 47. Nd2 Nxh3 48. Ne4 Ke5 49. Ke3 Kd5 50. Nd2 Nf4 51. Nf3 Ne6 52. Nh2
Nd4 53. Nf1 Ke5 54. Nd2 Nc2+ 55. Kf3 Ne1+ 56. Ke3 h3 57. Nf1 Ng2+ 58. Kf3 Nf4
59. Kg3 Ke4 60. Nd2+ Ke3 61. Nc4+ Ke2 62. Ne5 Nd3 63. Nf7 Nf2 64. Nxg5 Kf1 65.
Nxh3 Nxg4 1/2-1/2

[Event "Deutsche Ländermeisterschaft 2012"]
[Site "Hannover GER"]
[Date "2012.10.02"]
[Round "6"]
[White "Grewenig, Jan"]
[Black "Celmer, Ole"]
[Result "1-0"]
[Termination "normal"]
[Board "8.3"]
[WhiteTitle "16"]
[BlackTitle "20"]
[WhiteElo "1961"]
[BlackElo "1857"]
[WhiteTeam "Saarland"]
[BlackTeam "Mecklenburg-Vorpommern"]
[PlyCount "67"]
[WhiteFideId "4657330"]
[BlackFideId "24657107"]
[EventCountry "GER"]
[EventRounds "7"]
[EventType "team-swiss"]
[EventDate "2012.09.28"]

1. Nf3 Nf6 2. d4 e6 3. e3 b6 4. Bd3 Bb7 5. O-O Be7 6. Nbd2 O-O 7. b3 c5 8. Bb2
d5 9. Ne5 Nc6 10. f4 Rc8 11. c3 Nd7 12. Qe2 f5 13. c4 Nf6 14. cxd5 Nxd5 15. e4
fxe4 16. Nxc6 Bxc6 17. Qxe4 Nf6 18. Qxe6+ Kh8 19. Rae1 Re8 20. Nc4 Bd5 21. Qh3
Bxc4 22. bxc4 cxd4 23. Re6 h6 24. Qf5 Kg8 25. Rfe1 Rc5 26. Qg6 Rc8 27. g4 Bc5
28. g5 Rxe6 29. Rxe6 hxg5 30. fxg5 Nd7 31. Qh7+ Kf8 32. Qf5+ Kg8 33. Qd5 Nf8
34. Rd6+ 1-0

[Event "Deutsche Ländermeisterschaft 2012"]
[Site "Hannover GER"]
[Date "2012.10.02"]
[Round "6"]
[White "Schmekel, Florian"]
[Black "Sonnhalter, Stella"]
[Result "1/2-1/2"]
[Termination "normal"]
[Board "8.4"]
[WhiteTitle "14"]
[BlackTitle "20w"]
[WhiteElo "1552"]
[BlackElo "1856"]
[WhiteTeam "Mecklenburg-Vorpommern"]
[BlackTeam "Saarland"]
[PlyCount "119"]
[WhiteFideId "12913456"]
[BlackFideId "4624815"]
[EventCountry "GER"]
[EventRounds "7"]
[EventType "team-swiss"]
[EventDate "2012.09.28"]

1. d4 Nf6 2. c4 e6 3. Nf3 b6 4. a3 Bb7 5. Nc3 c5 6. d5 d6 7. e4 e5 8. Be2 Be7
9. O-O h6 10. h3 Nbd7 11. Nh2 Nf8 12. Bg4 Bc8 13. f4 exf4 14. Bxf4 Ng6 15. Bg3
O-O 16. Bxc8 Rxc8 17. Nf3 Qc7 18. Re1 Nd7 19. Qe2 a6 20. e5 dxe5 21. Bxe5 Ndxe5
22. Nxe5 Nxe5 23. Qxe5 Bd6 24. Qe4 Qd7 25. b3 Rfe8 26. Qf3 Be5 27. Rac1 Re7 28.
Re2 Rce8 29. Rce1 b5 30. Kh1 Kf8 31. Nd1 bxc4 32. bxc4 Qa4 33. Qd3 f6 34. Nf2
Rb8 35. Ne4 Rb3 36. Nxc5 Rxd3 37. Nxa4 Rxa3 38. Nc5 Rc3 39. Re4 Bd6 40. Ne6+
Kf7 41. c5 Be5 42. Rd1 Rxe6 43. dxe6+ Kxe6 44. Ra1 Rxc5 45. Rxa6+ Kf5 46. Re1
Rc3 47. Ra4 h5 48. Rd1 Bg3 49. Rad4 h4 50. R4d3 Rc2 51. R3d2 Rxd2 52. Rxd2 g5
53. Rd3 Ke4 54. Rb3 Bf2 55. Kh2 f5 56. Rb5 g4 57. hxg4 fxg4 58. Rb7 Bg3+ 59.
Kg1 h3 60. gxh3 1/2-1/2

[Event "Deutsche Ländermeisterschaft 2012"]
[Site "Hannover GER"]
[Date "2012.10.02"]
[Round "6"]
[White "Müller, Max"]
[Black "Wulf, Constanze"]
[Result "1-0"]
[Termination "normal"]
[Board "8.5"]
[WhiteTitle "14"]
[BlackTitle "16w"]
[WhiteElo "1728"]
[BlackElo "1622"]
[WhiteTeam "Saarland"]
[BlackTeam "Mecklenburg-Vorpommern"]
[PlyCount "99"]
[WhiteFideId "12900486"]
[BlackFideId "24692379"]
[EventCountry "GER"]
[EventRounds "7"]
[EventType "team-swiss"]
[EventDate "2012.09.28"]

1. c4 Nf6 2. Nc3 g6 3. d4 Bg7 4. e4 d6 5. Nf3 O-O 6. Be2 Nbd7 7. O-O e5 8. d5
Nc5 9. Qc2 a5 10. Ne1 Nfd7 11. Be3 f5 12. f3 Qe7 13. b3 c6 14. a3 fxe4 15. fxe4
Rxf1+ 16. Bxf1 Qf8 17. Rb1 Bh6 18. Qd2 Bxe3+ 19. Qxe3 Nf6 20. Nd3 Ng4 21. Qd2
Nxd3 22. Bxd3 Qh6 23. Qxh6 Nxh6 24. h3 Nf7 25. Rf1 Bd7 26. Na4 Kg7 27. Nb6 Rd8
28. Ra1 Be8 29. b4 axb4 30. axb4 Rb8 31. Ra7 Kf6 32. Kf2 Kg5 33. Be2 h5 34. g3
Kf6 35. h4 Ke7 36. g4 hxg4 37. Bxg4 Kd8 38. Be6 Kc7 39. Na8+ Kd8 40. Bxf7 Bxf7
41. dxc6 Kc8 42. c7 Rxa8 43. Rxa8+ Kxc7 44. Rf8 Bxc4 45. Rf6 d5 46. exd5 Bxd5
47. Rxg6 Kd7 48. h5 Ke7 49. h6 Be4 50. h7 1-0

[Event "Deutsche Ländermeisterschaft 2012"]
[Site "Hannover GER"]
[Date "2012.10.02"]
[Round "6"]
[White "Klinge, Sabina"]
[Black "Puffay, Jana"]
[Result "1-0"]
[Termination "normal"]
[Board "8.6"]
[WhiteTitle "14w"]
[BlackTitle "16w"]
[WhiteElo "1659"]
[BlackElo "1433"]
[WhiteTeam "Mecklenburg-Vorpommern"]
[BlackTeam "Saarland"]
[PlyCount "49"]
[WhiteFideId "12949590"]
[BlackFideId "24692360"]
[EventCountry "GER"]
[EventRounds "7"]
[EventType "team-swiss"]
[EventDate "2012.09.28"]

1. e4 e5 2. Nf3 d6 3. d4 exd4 4. Nxd4 Nf6 5. Nc3 Be7 6. Bc4 O-O 7. O-O c6 8. a4
c5 9. Nf3 Bg4 10. h3 Bh5 11. Qd3 Nc6 12. Bb3 Ne5 13. Nxe5 dxe5 14. Qg3 Bd6 15.
Bg5 Bg6 16. Rfe1 h6 17. Bh4 Nh5 18. Qg4 Qc8 19. Qxc8 Raxc8 20. Bd5 b6 21. a5
Rb8 22. Nb5 bxa5 23. Nxd6 Rxb2 24. Rxa5 Rxc2 25. Rxa7 1-0